| 000 | 00690nam a22001937a 4500 | ||
|---|---|---|---|
| 003 | NUST - PNEC | ||
| 005 | 20170116181205.0 | ||
| 008 | 160309b xxu||||| |||| 00| 0 eng d | ||
| 020 | _a0705409732 | ||
| 040 | _cLIBRARY | ||
| 082 | _a930 TIM | ||
| 100 |
_916745 _a Time-Life Books |
||
| 245 |
_aEmpires ascendant : time frame 400 BC-AD 200 _c Time-Life Books |
||
| 260 |
_aU.S.A _bTime-Life Books _cc.1988 |
||
| 300 | _a176 p. : | ||
| 650 |
_916746 _aHistory, Ancient _xGeneral |
||
| 856 | _uhttp://www.amazon.com/Empires-Ascendant-Time-Frame-400/dp/B0011D1C48/ref=sr_1_2?s=books&ie=UTF8&qid=1457511709&sr=1-2&keywords=Empires+ascendant+%3A+time+frame+400+BC-AD+200 | ||
| 942 |
_2ddc _cBK |
||
| 999 |
_c71621 _d71621 |
||